AEGIS: APP TO ASSIST HEART FAILURE PATIENTS (Record no. 173077)
[ view plain ]
| 000 -LEADER | |
|---|---|
| fixed length control field | 00477nam a2200157 4500 |
| 082 ## - DEWEY DECIMAL CLASSIFICATION NUMBER | |
| Classification number | BSCS-2 TAR |
| 100 ## - MAIN ENTRY--PERSONAL NAME | |
| Personal name | FAIZA TAHIR |
| 245 ## - TITLE STATEMENT | |
| Title | AEGIS: APP TO ASSIST HEART FAILURE PATIENTS |
| 260 ## - PUBLICATION, DISTRIBUTION, ETC. | |
| Place of publication, distribution, etc. | ISLAMABAD |
| Name of publisher, distributor, etc. | NUST-SEECS |
| Date of publication, distribution, etc. | 2016 |
| 300 ## - PHYSICAL DESCRIPTION | |
| Extent | 70p. |
| Accompanying material | CD INCLUDES |
| 563 ## - BINDING INFORMATION | |
| Binding note | HB |
| 856 ## - Uniform Resource Identifier | |
| Uniform Resource Identifier | <a href="http://10.250.8.41:8080/xmlui/handle/123456789/7876">http://10.250.8.41:8080/xmlui/handle/123456789/7876</a> |
| 942 ## - ADDED ENTRY ELEMENTS (KOHA) | |
| Source of classification or shelving scheme | |
| Koha item type | Thesis |
| Withdrawn status | Lost status | Source of classification or shelving scheme | Damaged status | Not for loan | Collection code | Permanent Location | Current Location | Shelving location | Date acquired | Source of acquisition | Full call number | Barcode | Date last seen | Price effective from | Koha item type |
|---|---|---|---|---|---|---|---|---|---|---|---|---|---|---|---|
| WITHDRAWN | Central Library (CL) | Central Library (CL) | Thesis | 01/18/2017 | NUST-SEECS | BSCS-2 TAR | SEECSP01914 | 01/18/2017 | 01/18/2017 | Thesis | |||||
| WITHDRAWN | Central Library (CL) | Central Library (CL) | Thesis | 06/22/2021 | 005 | CL-BP-723 | 06/22/2021 | 06/22/2021 | Thesis |
